000 00755nam a22002177a 4500
999 _c11087
_d11087
003 AR-CdUCM
008 190402b ||||| |||| 00| 0 spa d
020 _a9972-00-245-4
040 _aMUNICIPALIDAD PROVINCIAL DEL CUSCO
_cBIBLIOTECA MUNICIPAL DEL CUSCO
082 _aES / 373.574 /
_bC61
110 _aSantillana
_918102
245 _aCiencia :
_bAmbiente y tecnología 4 /
260 _aPerú :
_bEditorial Santillana,
_c1996.
300 _a224 páginas ;
_c27 cm.
440 _aEdiciones coquito
_927944
505 _aContenido :Materia y energía -- Vida y ambiente --Tecnología -- Electroquímica -- La informática ...
650 _aEducación secundaria
_94648
650 _aCiencias aplicadas
_920077
942 _2ddc
_cLIBROS
945 _arum